A synthesis of Monetarian and Keynesian approaches to Short-run-balance-of-payments theory (Registro nro. 26617)
[ vista simple ]
| 000 -LEADER | |
|---|---|
| fixed length control field | 00448 a2200133 4500 |
| 001 - CONTROL NUMBER | |
| control field | ART_12724 |
| 005 - DATE AND TIME OF LATEST TRANSACTION | |
| control field | 20260410161909.0 |
| 008 - FIXED-LENGTH DATA ELEMENTS--GENERAL INFORMATION | |
| fixed length control field | 260409a |
| 100 1# - MAIN ENTRY--PERSONAL NAME | |
| Personal name | Frenkel, Jacob |
| 245 10 - TITLE STATEMENT | |
| Title | A synthesis of Monetarian and Keynesian approaches to Short-run-balance-of-payments theory |
| 700 1# - ADDED ENTRY--PERSONAL NAME | |
| Personal name | Gylfason, Thorvaldur |
| 700 1# - ADDED ENTRY--PERSONAL NAME | |
| Personal name | Helliwell, John F. |
| 773 0# - HOST ITEM ENTRY | |
| Title | The Economic Journal |
| Related parts | - Vol. 90, Nº 359 (set. 1980) |
| Record control number | REV12512 |
No hay ítems disponibles.